LEADER 01288nam a2200313 a 4500 001 000000124551 003 CaOOAMICUS 005 20110304143248.0 008 110304s2010 it u000 u ita r 040 $aPUL$bita 041 1 $aita$heng 082 04$a103 100 1 $aRussell, Bertrand,$d1872-1970.$0(OLS)http://pul/name/15334 240 10$aAuthority and the Individual.$hItaliano.$0(OLS)http://pul/title/77445 245 10$aAutorità e individuo /$cBertrand Russell ; prefazione di Arturo Colombo. 260 $aMilano :$bR.C.S. Libri,$c©2010. 300 $a120 p. ;$c19 cm 490 1 $aClassici del pensiero libero ;$v22 500 $aEd. speciale per Corriere della Sera. 650 4$aIndividuo e società.$0(OLS)http://pul/subject/9277 700 1 $aColombo, Arturo.$0(OLS)http://pul/name/29559 830 0$aClassici del pensiero libero ;$v22.$0(OLS)http://pul/title/155982 850 $aPUL 852 $aPUL$W1$xDP2 Filosofia 3$y112$m103 COLL 6.22$j143432$qDDC 21$B142463$CPULBib$Z2$F142463 $H116062 $82 941 1 $a9 996 $6082$a103$9(OLS)http://pul/classification/621 996 $6245$aAutorità e individuo$9(OLS)http://pul/title/77446 996 $6260$aMilano :$bR.C.S. Libri$9(OLS)http://pul/publisher/74600 LEADER 01516namaa2200373 i 4500 001 000000177352 003 CaOOAMICUS 005 20241003114235.0 008 241003s2024 it 001 u ita r 020 $a978-88-288-6238-3* 032 $aLibriCat 040 $aPUL$bita 082 04$a346.4504 100 1 $aScaglione, Francesco,$d1968-,$eautore.$0(OLS)http://pul/name/78628 245 13$aIl comodato :$b[Artt. 1803-1812]$cFrancesco Scaglione. 250 $a2.a edizione 260 $aMilano :$bGiuffrè,$c©2024. 300 $axxiv, 208 pagine ;$c25 cm. 336 $atesto$btxt$2rdacontent 337 $asenza mediazione$bn$2rdamedia 338 $avolume$bnc$2rdacarrier 490 1 $aIl Codice civile.$aCommentario$aArtt.1803-1812 504 $aBibliografia in nota. 650 4$aComodato.$0(OLS)http://pul/subject/33885 650 4$aCodice civile$zItalia$xCommenti.$0(OLS)http://pul/subject/33992 830 3$aIl Codice civile.$pCommentario ;$vArtt. 1803-1812.$0(OLS)http://pul/title/53143 850 $aPUL 852 $aPUL$W1$xSL Diritto e Scienze Sociali 3$y79$m300 A 1.1803$j201308$qDDC 21$B206304$CPULBib$Z2$F206304 $H137432 $82 941 1 $a9 996 $6020$a978-88-288-6238-3*$9(OLS)http://pul/number/170054 996 $6082$a346.4504$9(OLS)http://pul/classification/1822 996 $6245$aIl comodato :$b[Artt. 1803-1812]$9(OLS)http://pul/title/218860 996 $6260$aMilano :$bGiuffrè$9(OLS)http://pul/publisher/48401